Developing business ethics in China (Record no. 93518)
[ view plain ]
| 000 -LEADER | |
|---|---|
| fixed length control field | 01431nam a22003374a 4500 |
| 082 04 - DEWEY DECIMAL CLASSIFICATION NUMBER | |
| Classification number | 174/.4/0951 |
| 245 10 - TITLE STATEMENT | |
| Title | Developing business ethics in China |
| 260 ## - PUBLICATION, DISTRIBUTION, ETC. (IMPRINT) | |
| Place of publication | New York : |
| Name of publisher | Palgrave Macmillan, |
| Year of publication | 2006. |
| 300 ## - PHYSICAL DESCRIPTION | |
| Number of Pages | vii, 293 p. |
| 500 ## - GENERAL NOTE | |
| General note | Selected papers from the International Conference on Developing Business Ethics in China, held in Shanghai on May 29-31, 2002. |
| 650 #0 - SUBJECT ADDED ENTRY--TOPICAL TERM | |
| Topical Term | Business ethics |
| 700 1# - ADDED ENTRY--PERSONAL NAME | |
| Personal name | Lu, Xiaohe. |
| Personal name | Enderle, Georges. |
| 856 40 - ELECTRONIC LOCATION AND ACCESS | |
| Uniform Resource Identifier | http://site.ebrary.com/lib/rucke/Doc?id=10155129 |
No items available.
